<?xml version="1.0" encoding="UTF-8"?>
<marc:record xmlns:marc="http://www.loc.gov/MARC21/slim">
   <marc:leader>00000nam a2200000 a 4500</marc:leader>
   <marc:datafield ind1="1" ind2=" " tag="100">
      <marc:subfield code="a">Rylance, Ulrike</marc:subfield>
      <marc:subfield code="4">aut</marc:subfield>
      <marc:subfield code="e">Verfasser/-in</marc:subfield>
   </marc:datafield>
   <marc:datafield ind1=" " ind2=" " tag="653">
      <marc:subfield code="a">Comicroman</marc:subfield>
   </marc:datafield>
   <marc:datafield ind1="0" ind2="0" tag="245">
      <marc:subfield code="a">Penny Pepper - Alarm auf der Achterbahn</marc:subfield>
   </marc:datafield>
   <marc:datafield ind1="0" ind2="0" tag="245">
      <marc:subfield code="c">Rylance, Ulrike</marc:subfield>
   </marc:datafield>
   <marc:datafield ind1=" " ind2="1" tag="264">
      <marc:subfield code="a">München</marc:subfield>
      <marc:subfield code="b">DTV</marc:subfield>
      <marc:subfield code="c">2015</marc:subfield>
   </marc:datafield>
   <marc:datafield ind1="1" ind2=" " tag="520">
      <marc:subfield code="a">Die sympathische Penny, bekannt aus "Penny Pepper - Alles kein Problem" sucht mit ihren Freundinnen als frisch gegründete Detektivbande verzweifelt einen neuen "Fall". Zunächst wird der überhebliche schulbekannte "Kotzbrocken-Konrad" ins Visier genommen. Und auch der "Meckermann" aus dem 1. Band verhält sich verdächtig! Aber richtig kriminell wird es erst, als die Mädchen auf den Rummel gehen: Immer mehr Menschen "verlieren" Geldbörsen und Handys und es braucht eine Weile, bis die Detektivinnen, auch durch eigene Betroffenheit, begreifen, dass ein Dieb am Werk ist und ihre Ermittlungen gefragt sind. Bis zur Lösung des Falls entwickelt sich eine turbulente, witzige Geschichte, aus der dann auch "Kotzbrocken-Konrad" zwar rehabilitiert, aber zugleich blamiert hervorgeht. Das Layout ist wieder gelungen: typografisch variierter Text und Schwarz-Weiss-Zeichnungen greifen perfekt ineinander und bilden eine comicartige Einheit. Genauso temporeich wie die "Sunny-Spyce"-Bände von Beauvais, aber textlich weniger anspruchsvoll und näher an der Realität der Zielgruppe. Für alle! Ab 9</marc:subfield>
   </marc:datafield>
   <marc:datafield ind1=" " ind2=" " tag="020">
      <marc:subfield code="a">9783423761178</marc:subfield>
      <marc:subfield code="9">9783423761178</marc:subfield>
   </marc:datafield>
   <marc:datafield ind1=" " ind2=" " tag="020">
      <marc:subfield code="a">3423761172</marc:subfield>
      <marc:subfield code="9">3423761172</marc:subfield>
   </marc:datafield>
   <marc:datafield ind1=" " ind2=" " tag="041">
      <marc:subfield code="a">ger</marc:subfield>
   </marc:datafield>
   <marc:datafield ind1=" " ind2=" " tag="338">
      <marc:subfield code="a">Band</marc:subfield>
   </marc:datafield>
   <marc:datafield ind1=" " ind2=" " tag="300">
      <marc:subfield code="a">160 Seiten; m. illus</marc:subfield>
   </marc:datafield>
</marc:record>
